[Event "3FoglarVeterans_SIM_C"]
[Site "?"]
[Date "2007.??.??"]
[Round "?"]
[White "Pecka, Josef"]
[Black "Schwarz, Jan"]
[Result "0-1"]
[WhiteElo "2330"]
[BlackElo "2308"]
[PlyCount "92"]
[EventDate "2007.??.??"]
[EventType "corr"]
[SourceDate "2007.05.17"]

1. e4 e5 2. f4 exf4 3. Bc4 Nf6 4. Nc3 c6 5. Bb3 d5 6. exd5 cxd5 7. d4 Bd6 8.
Nge2 O-O 9. Bxf4 Bxf4 10. Nxf4 Re8+ 11. Nfe2 Ng4 12. O-O Ne3 13. Qd3 Nxf1 14.
Rxf1 Be6 15. Nf4 Nc6 16. Ncxd5 Kh8 17. c3 Na5 18. Bc2 g6 19. Nxe6 Rxe6 20. Nf4
Rf6 21. Qg3 Qd6 22. Bd3 Nc6 23. Qg5 Re8 24. g3 Qe7 25. Rf2 Rd6 26. Qh6 Qf8 27.
Qxf8+ Rxf8 28. Re2 Kg7 29. Kf2 Nd8 30. Re7 Kf6 31. Re5 Ne6 32. Nd5+ Kg7 33. Nf4
Nxf4 34. gxf4 Rb6 35. b3 Rd8 36. d5 Kf8 37. c4 Ra6 38. a4 Rb6 39. Bc2 a5 40.
Kf3 Re8 41. h4 Re7 42. Kg4 Rf6 43. Re4 Rxe4 44. Bxe4 Rb6 45. Bc2 Rd6 46. f5 Rd8
0-1

[Event "3FoglarVeterans_SIM_C"]
[Site "?"]
[Date "2007.??.??"]
[Round "?"]
[White "Vrbica, Ladislav"]
[Black "Zundel, Werner"]
[Result "0-1"]
[WhiteElo "2348"]
[BlackElo "2286"]
[PlyCount "132"]
[EventDate "2007.??.??"]
[EventType "corr"]
[SourceDate "2007.05.17"]

1. d4 Nf6 2. c4 e6 3. Nc3 Bb4 4. Qc2 O-O 5. a3 Bxc3+ 6. Qxc3 b6 7. Bg5 Bb7 8.
f3 h6 9. Bh4 d5 10. e3 Nbd7 11. cxd5 Bxd5 12. Qc2 c5 13. e4 Bb7 14. dxc5 Rc8
15. Ne2 Ba6 16. Nc3 Bxf1 17. Rxf1 Rxc5 18. Bg3 Ne5 19. b4 Qd4 20. Bxe5 Rxe5 21.
Qd2 Qc4 22. Kf2 Qc7 23. Rac1 Rh5 24. h3 Rg5 25. f4 Rd8 26. Qe3 Rg6 27. e5 Qb7
28. g3 Nd5 29. Qf3 f6 30. f5 Rg5 31. fxe6 Rxe5 32. Rfe1 Qe7 33. Rxe5 fxe5 34.
Nxd5 Qxe6 35. Nc7 Qxh3 36. Rh1 Qd7 37. Qb3+ Kh8 38. Qc2 e4 39. Kg2 e3 40. Re1
Qd4 41. Qe2 Qe5 42. Qxe3 Qxc7 43. Qe4 b5 44. Re2 a6 45. Qg6 Qb7+ 46. Kh2 Qf3
47. Re8+ Rxe8 48. Qxe8+ Kh7 49. Qe6 Qh5+ 50. Kg2 Qg6 51. Qe5 h5 52. Kh3 Qg4+
53. Kh2 Qf3 54. Qg5 Qe2+ 55. Kg1 Qe8 56. Kh2 Qg6 57. Qe3 Qf6 58. Kg2 g6 59. Kh3
g5 60. Kh2 Kh6 61. Kg2 Qd6 62. Kf2 Qc6 63. Qd2 Qe6 64. Kg2 Qe4+ 65. Kg1 Kg6 66.
Qd1 h4 0-1

[Event "3FoglarVeterans_SIM_C"]
[Site "?"]
[Date "2007.??.??"]
[Round "?"]
[White "Kuta, Jiri"]
[Black "Koch, Hans"]
[Result "1/2-1/2"]
[WhiteElo "2349"]
[BlackElo "2311"]
[PlyCount "58"]
[EventDate "2007.??.??"]
[EventType "corr"]
[SourceDate "2007.05.17"]

1. d4 f5 2. g3 Nf6 3. Bg2 g6 4. c4 Bg7 5. Nf3 d6 6. O-O O-O 7. Nc3 Qe8 8. d5 a5
9. Ne1 e5 10. dxe6 c6 11. Bf4 Qxe6 12. Qxd6 Nh5 13. Nd3 Nxf4 14. Qxf4 Na6 15.
Rad1 Qe7 16. Rfe1 Be6 17. e4 g5 18. Qf3 Qf7 19. exf5 Qxf5 20. Qe4 Rae8 21. Qxf5
Bxf5 22. Ne4 Rd8 23. b3 Bd4 24. Kh1 Bb6 25. f3 h6 26. Ndf2 Nc5 27. Rxd8 Rxd8
28. Bf1 Nxe4 29. Nxe4 Kf7 1/2-1/2

[Event "3FoglarVeterans_SIM_C"]
[Site "?"]
[Date "2007.??.??"]
[Round "?"]
[White "Grabner, Helmut"]
[Black "Janosi, Ervin"]
[Result "1-0"]
[WhiteElo "2319"]
[BlackElo "2323"]
[PlyCount "117"]
[EventDate "2007.??.??"]
[EventType "corr"]
[SourceDate "2007.05.17"]

1. e4 c5 2. Nf3 Nc6 3. Nc3 Nf6 4. Bb5 Qc7 5. O-O Nd4 6. Re1 a6 7. Bf1 e5 8. Nd5
Nxd5 9. exd5 d6 10. Nxd4 cxd4 11. c3 dxc3 12. dxc3 Be7 13. a4 O-O 14. a5 f5 15.
f4 g5 16. fxe5 dxe5 17. Qb3 Bd6 18. Bxg5 f4 19. Kh1 Bf5 20. c4 Bc5 21. Rad1 Qd6
22. Qxb7 Rac8 23. b4 Bxb4 24. c5 Bxc5 25. Qxa6 Kg7 26. Qxd6 Bxd6 27. a6 Rc5 28.
Ra1 Ra8 29. Red1 Bg4 30. Rdb1 Rxd5 31. Rb7+ Kg6 32. Be7 Bxe7 33. Rxe7 Bf5 34.
a7 Kf6 35. Rc7 Rd6 36. Kg1 Rb6 37. g3 fxg3 38. hxg3 Be4 39. Bh3 h5 40. Bc8 Rb1+
41. Rxb1 Bxb1 42. Bd7 Be4 43. Kf2 Kg5 44. Ke3 Bd5 45. Bc8 Kf6 46. Ba6 Rg8 47.
Kf2 Ra8 48. Be2 Ke6 49. Bxh5 Kd6 50. Rg7 Kc5 51. Ke3 Kb6 52. Bf3 e4 53. Rg6+
Kxa7 54. Rg5 exf3 55. Rxd5 Rf8 56. Kf2 Kb6 57. Rd3 Kc5 58. Rxf3 Rd8 59. Kg2 1-0

[Event "3FoglarVeterans_SIM_C"]
[Site "?"]
[Date "2007.??.??"]
[Round "?"]
[White "Colucci, Pasguale"]
[Black "Olano Aizpurua, Jose"]
[Result "1/2-1/2"]
[WhiteElo "2318"]
[BlackElo "2337"]
[PlyCount "105"]
[EventDate "2007.??.??"]
[EventType "corr"]
[SourceDate "2007.05.17"]

1. e4 c5 2. c3 Nf6 3. e5 Nd5 4. d4 cxd4 5. cxd4 d6 6. Nf3 Nc6 7. Bc4 Nb6 8. Bb3
dxe5 9. d5 Na5 10. Nc3 Nxb3 11. Qxb3 e6 12. Nxe5 exd5 13. Be3 Bd6 14. Qb5+ Kf8
15. Nf3 Bd7 16. Qb3 Be6 17. Nd4 Nc4 18. O-O a6 19. Rad1 Qc7 20. Nxe6+ fxe6 21.
Nxd5 exd5 22. Rxd5 Qc6 23. Rf5+ Ke8 24. Re1 Kd7 25. Rc1 Rac8 26. Rf7+ Ke6 27.
Rxb7 Rhe8 28. Bd2 Be7 29. Re1+ Kf7 30. Bg5 Rc7 31. Rxc7 Qxc7 32. Qf3+ Kg8 33.
Qc3 Kf7 34. Bxe7 Rxe7 35. Rxe7+ Kxe7 36. b3 Qe5 37. Qxc4 Qa1+ 38. Qf1 Qxa2 39.
Qe1+ Kf7 40. Qd1 Qb2 41. Qd5+ Kf6 42. g3 a5 43. Kg2 Qe5 44. Qc6+ Kf7 45. Qc4+
Kf6 46. h4 g6 47. Kf3 Qh5+ 48. Kg2 Qe5 49. g4 Kg7 50. Kf3 Qf6+ 51. Kg3 Qd6+ 52.
Qf4 Qd1 53. Qc7+ 1/2-1/2

[Event "3FoglarVeterans_SIM_C"]
[Site "?"]
[Date "2007.??.??"]
[Round "?"]
[White "Quattrocchi, Gaetano"]
[Black "Shapiro, Vladislav"]
[Result "1/2-1/2"]
[WhiteElo "2283"]
[BlackElo "2358"]
[PlyCount "36"]
[EventDate "2007.??.??"]
[EventType "corr"]
[SourceDate "2007.05.17"]

1. e4 c5 2. Nf3 d6 3. d4 cxd4 4. Nxd4 Nf6 5. Nc3 a6 6. Be3 e6 7. g4 e5 8. Nf5
g6 9. g5 gxf5 10. exf5 d5 11. gxf6 d4 12. Bc4 Qc7 13. Qd3 dxc3 14. O-O-O Nc6
15. f4 cxb2+ 16. Kxb2 Bb4 17. c3 Na5 18. Bb3 Qxc3+ 1/2-1/2

[Event "3FoglarVeterans_SIM_C"]
[Site "?"]
[Date "2007.??.??"]
[Round "?"]
[White "Kasik, Miroslav"]
[Black "Guskov, Viktor"]
[Result "1/2-1/2"]
[WhiteElo "2232"]
[BlackElo "2311"]
[PlyCount "43"]
[EventDate "2007.??.??"]
[EventType "corr"]
[SourceDate "2007.05.17"]

1. e4 c5 2. Nc3 Nc6 3. g3 g6 4. Bg2 Bg7 5. f4 d6 6. d3 Rb8 7. Nf3 b5 8. O-O b4
9. Nd5 e6 10. Ne3 Nge7 11. a3 O-O 12. axb4 cxb4 13. d4 Qb6 14. Nc4 Qc7 15. e5
d5 16. Nd6 Bd7 17. c4 bxc3 18. bxc3 Na5 19. Rf2 Nb3 20. Ra6 Nxc1 21. Qxc1 Rb3
22. c4 1/2-1/2

[Event "3FoglarVeterans_SIM_C"]
[Site "?"]
[Date "2007.??.??"]
[Round "?"]
[White "Shapiro, Vladislav"]
[Black "Kasik, Miroslav"]
[Result "1-0"]
[WhiteElo "2358"]
[BlackElo "2232"]
[PlyCount "85"]
[EventDate "2007.??.??"]
[EventType "corr"]
[SourceDate "2007.05.17"]

1. d4 Nf6 2. c4 e6 3. Nf3 d5 4. Bg5 h6 5. Bxf6 Qxf6 6. Nc3 c6 7. e3 Nd7 8. Bd3
dxc4 9. Bxc4 e5 10. O-O Be7 11. d5 Nb6 12. Bd3 Qd6 13. dxc6 bxc6 14. Qc2 Bg4
15. Be4 O-O 16. Rfd1 Qe6 17. h3 Bxf3 18. Bxf3 f5 19. e4 f4 20. Na4 Nxa4 21.
Qxa4 Rfb8 22. Rac1 Rb6 23. b3 a5 24. Bg4 Qf6 25. Rd7 c5 26. Qc4+ Kh8 27. Qd5
Re8 28. Rd1 Reb8 29. Be2 Rf8 30. Bc4 Kh7 31. a4 Qg5 32. h4 Qf6 33. h5 Qg5 34.
f3 Kh8 35. Qd2 Ra8 36. Bd5 Raa6 37. Qe2 Bf8 38. Rf7 Bd6 39. Qd3 Kh7 40. Bc4 Ra8
41. Qd5 Re8 42. Rf5 Qe7 43. Qf7 1-0

[Event "3FoglarVeterans_SIM_C"]
[Site "?"]
[Date "2007.??.??"]
[Round "?"]
[White "Olano Aizpurua, Jose"]
[Black "Quattrocchi, Gaetano"]
[Result "0-1"]
[WhiteElo "2337"]
[BlackElo "2283"]
[PlyCount "90"]
[EventDate "2007.??.??"]
[EventType "corr"]
[SourceDate "2007.05.17"]

1. e4 e5 2. Nf3 Nc6 3. Bb5 a6 4. Ba4 Nf6 5. O-O Nxe4 6. d4 b5 7. Bb3 d5 8. dxe5
Be6 9. Nbd2 Nc5 10. c3 d4 11. Ng5 Qxg5 12. Qf3 O-O-O 13. Bxe6+ fxe6 14. Qxc6
Qxe5 15. b4 Qd5 16. Qxd5 exd5 17. bxc5 dxc3 18. Nb3 d4 19. Ba3 Be7 20. Bb4 Bf6
21. a4 Kd7 22. axb5 axb5 23. Rfd1 Ke6 24. Rac1 Rd5 25. Rd3 c6 26. Rf1 Ra8 27.
Re1+ Kf7 28. Ba5 b4 29. Kf1 Rxa5 30. Nxa5 Rxc5 31. Nb3 Rd5 32. Ra1 c5 33. Ra7+
Ke6 34. Rc7 Be5 35. Rc6+ Bd6 36. Ke2 Re5+ 37. Kd1 Kd5 38. Rb6 Rf5 39. f3 Rf8
40. g3 Ra8 41. f4 Ra3 42. Nc1 c4 43. Rb5+ Kc6 44. Rxd4 Kxb5 45. Rxd6 b3 0-1

[Event "3FoglarVeterans_SIM_C"]
[Site "?"]
[Date "2007.??.??"]
[Round "?"]
[White "Janosi, Ervin"]
[Black "Colucci, Pasguale"]
[Result "1/2-1/2"]
[WhiteElo "2323"]
[BlackElo "2318"]
[PlyCount "58"]
[EventDate "2007.??.??"]
[EventType "corr"]
[SourceDate "2007.05.17"]

1. e4 c5 2. Nf3 d6 3. d4 cxd4 4. Nxd4 Nf6 5. Nc3 g6 6. Be3 Bg7 7. f3 O-O 8. Qd2
Nc6 9. Bc4 Bd7 10. O-O-O Rc8 11. Bb3 Ne5 12. h4 h5 13. Bg5 Rc5 14. Kb1 a5 15.
Rhe1 b5 16. f4 Nc4 17. Bxc4 Rxc4 18. e5 b4 19. Ncb5 dxe5 20. fxe5 Nd5 21. e6
Bxb5 22. Nxb5 Rc5 23. Nd4 Nc3+ 24. bxc3 bxc3 25. Qd3 Rd5 26. exf7+ Rxf7 27.
Qxg6 Rxd4 28. Rxd4 Qxd4 29. Qe6 Qb4+ 1/2-1/2

[Event "3FoglarVeterans_SIM_C"]
[Site "?"]
[Date "2007.??.??"]
[Round "?"]
[White "Koch, Hans"]
[Black "Grabner, Helmut"]
[Result "1/2-1/2"]
[WhiteElo "2311"]
[BlackElo "2319"]
[PlyCount "68"]
[EventDate "2007.??.??"]
[EventType "corr"]
[SourceDate "2007.05.17"]

1. e4 c5 2. Nf3 d6 3. d4 cxd4 4. Nxd4 Nf6 5. Nc3 Nc6 6. Bg5 Bd7 7. Qd2 Nxd4 8.
Qxd4 Qa5 9. f4 h6 10. Bxf6 gxf6 11. O-O-O Rc8 12. Kb1 Qc5 13. Qd3 Bg7 14. Be2
f5 15. e5 O-O 16. exd6 e6 17. Rhg1 Qb6 18. Nb5 a6 19. Nd4 Bc6 20. Bf3 Rfd8 21.
Nb3 a5 22. g4 Bxf3 23. Qxf3 Rxd6 24. gxf5 exf5 25. c3 Rxd1+ 26. Rxd1 a4 27. Nd4
a3 28. Qg2 Kf8 29. Nxf5 Bxc3 30. b3 Rd8 31. Rxd8+ Qxd8 32. Kc2 Qc7 33. Kd3 Qxf4
34. Kxc3 Qxf5 1/2-1/2

[Event "3FoglarVeterans_SIM_C"]
[Site "?"]
[Date "2007.??.??"]
[Round "?"]
[White "Zundel, Werner"]
[Black "Kuta, Jiri"]
[Result "1/2-1/2"]
[WhiteElo "2286"]
[BlackElo "2349"]
[PlyCount "147"]
[EventDate "2007.??.??"]
[EventType "corr"]
[SourceDate "2007.05.17"]

1. e4 c5 2. Nf3 Nc6 3. d4 cxd4 4. Nxd4 Nf6 5. Nc3 e5 6. Ndb5 d6 7. Bg5 a6 8.
Na3 b5 9. Bxf6 gxf6 10. Nd5 f5 11. Bd3 Be6 12. O-O Bxd5 13. exd5 Ne7 14. Nxb5
Bg7 15. Nc3 e4 16. Bc4 Ng6 17. Qh5 Bxc3 18. bxc3 Qf6 19. Qh6 Qxc3 20. Bb3 Ke7
21. Rae1 a5 22. Ba4 Rab8 23. a3 Rhc8 24. Kh1 Qxa3 25. Qg5+ Kf8 26. Bc6 Qb2 27.
Qxf5 Qxc2 28. h4 h5 29. Qf6 Rb4 30. Bd7 Rcb8 31. Bf5 Qb2 32. Qxd6+ Kg7 33. Bxe4
Qe5 34. Qxe5+ Nxe5 35. g3 Rb2 36. Kg1 Nc4 37. Ra1 Nd2 38. Rfe1 Nxe4 39. Rxe4
Rb1+ 40. Rxb1 Rxb1+ 41. Kg2 Rd1 42. Re5 a4 43. d6 a3 44. Ra5 a2 45. Rxa2 Rxd6
46. Ra5 Kg6 47. Rg5+ Kh6 48. Kf3 f6 49. Rc5 Rb6 50. Rc4 Kg6 51. Kf4 Rb5 52. f3
Rf5+ 53. Ke3 Re5+ 54. Re4 Ra5 55. Rd4 Re5+ 56. Kf2 f5 57. Rd6+ Kg7 58. Rd3 Kf6
59. Rb3 Re6 60. Rb8 Kg7 61. Rd8 Re5 62. Rd6 Re7 63. Rd3 Re6 64. Re3 Ra6 65. Re8
Ra3 66. Rd8 Rb3 67. Ke2 Ra3 68. Rd3 Ra6 69. Ke3 Kf6 70. Rb3 Ke5 71. Rb5+ Kf6
72. Rb4 Ke5 73. Rb2 Ra3+ 74. Kf2 1/2-1/2

[Event "3FoglarVeterans_SIM_C"]
[Site "?"]
[Date "2007.??.??"]
[Round "?"]
[White "Schwarz, Jan"]
[Black "Vrbica, Ladislav"]
[Result "0-1"]
[WhiteElo "2308"]
[BlackElo "2348"]
[PlyCount "113"]
[EventDate "2007.??.??"]
[EventType "corr"]
[SourceDate "2007.05.17"]

1. c4 e5 2. Nc3 Nf6 3. Nf3 Nc6 4. g3 d5 5. cxd5 Nxd5 6. Bg2 Nb6 7. O-O Be7 8.
a3 O-O 9. b4 Be6 10. Rb1 f6 11. d3 Nd4 12. Nd2 c6 13. Nde4 Rf7 14. e3 Nb5 15.
Nxb5 cxb5 16. Nc5 Bxc5 17. bxc5 Na4 18. Qc2 Qd7 19. c6 bxc6 20. Bxc6 Qc7 21.
Rxb5 Rc8 22. Qxa4 Qxc6 23. Rb4 Qd5 24. Rc4 Rff8 25. Rxc8 Rxc8 26. Qd1 Rc3 27.
Qa4 Bd7 28. Qe4 Qxd3 29. Qxd3 Rxd3 30. Bb2 Bf5 31. Re1 Be4 32. Rc1 Rb3 33. Rc4
Bf3 34. Rc2 Kf7 35. Rd2 Ke6 36. Kf1 g5 37. Rc2 Be4 38. Rd2 Kf5 39. h3 h5 40.
Kg1 Bb7 41. Rc2 Ke4 42. Rd2 Kf3 43. Kh2 Bc8 44. Rc2 Bf5 45. Rd2 a5 46. a4 Bc8
47. Rc2 Bd7 48. Bc3 Bxa4 49. Rc1 Kxf2 50. Bxa5 Rb2 51. e4 Kf3+ 52. Kg1 Bc2 53.
Bc3 Ra2 54. Rf1+ Kxg3 55. Rxf6 Bxe4 56. Bxe5+ Kxh3 57. Bd4 0-1

[Event "3FoglarVeterans_SIM_C"]
[Site "?"]
[Date "2007.??.??"]
[Round "?"]
[White "Novak, Vratislav"]
[Black "Pecka, Josef"]
[Result "1/2-1/2"]
[WhiteElo "2289"]
[BlackElo "2330"]
[PlyCount "74"]
[EventDate "2007.??.??"]
[EventType "corr"]
[SourceDate "2007.05.17"]

1. e4 e6 2. d4 d5 3. Nc3 Bb4 4. e5 c5 5. a3 Ba5 6. b4 cxd4 7. Nb5 Bc7 8. f4 Ne7
9. Nf3 Bd7 10. Nxc7+ Qxc7 11. Bd3 a6 12. Bb2 Bb5 13. Bxb5+ axb5 14. Nxd4 O-O
15. Nxb5 Qc4 16. Nd4 Nd7 17. Qd3 Nb6 18. O-O Na4 19. Bc1 Rfc8 20. Be3 Ng6 21.
Qxc4 Rxc4 22. Nb5 Nc3 23. Nd6 Ne2+ 24. Kf2 Rxc2 25. Ke1 d4 26. Bd2 d3 27. Nxb7
Nh4 28. Kd1 Nxg2 29. Rf3 Nc3+ 30. Bxc3 Rxc3 31. Nc5 Rcxa3 32. Rxa3 Rxa3 33.
Rxd3 Ra1+ 34. Kd2 Kf8 35. b5 Ra2+ 36. Kc3 Nxf4 37. Rd1 Nd5+ 1/2-1/2

[Event "3FoglarVeterans_SIM_C"]
[Site "?"]
[Date "2007.??.??"]
[Round "?"]
[White "Vrbica, Ladislav"]
[Black "Novak, Vratislav"]
[Result "1/2-1/2"]
[WhiteElo "2348"]
[BlackElo "2289"]
[PlyCount "50"]
[EventDate "2007.??.??"]
[EventType "corr"]
[SourceDate "2007.05.17"]

1. d4 Nf6 2. c4 e6 3. Nf3 b6 4. a3 Bb7 5. Nc3 d5 6. cxd5 Nxd5 7. e3 Be7 8. Bb5+
c6 9. Bd3 Nxc3 10. bxc3 c5 11. O-O Nd7 12. e4 O-O 13. Bf4 Nf6 14. Qe2 Rc8 15.
Bd2 Qc7 16. a4 Rfd8 17. Rfb1 Qc6 18. Re1 h6 19. g3 Bf8 20. Ra2 Qd6 21. Bb1 Qd7
22. Qd3 Qc6 23. Ne5 Qd6 24. Nf3 Qc6 25. Ne5 Qd6 1/2-1/2

[Event "3FoglarVeterans_SIM_C"]
[Site "?"]
[Date "2007.??.??"]
[Round "?"]
[White "Kuta, Jiri"]
[Black "Schwarz, Jan"]
[Result "1-0"]
[WhiteElo "2349"]
[BlackElo "2308"]
[PlyCount "105"]
[EventDate "2007.??.??"]
[EventType "corr"]
[SourceDate "2007.05.17"]

1. d4 e6 2. e4 d5 3. Nc3 Bb4 4. e5 Ne7 5. a3 Bxc3+ 6. bxc3 c5 7. Qg4 O-O 8. Bd3
f6 9. exf6 Rxf6 10. Bg5 Rf7 11. Qh5 g6 12. Qd1 Qa5 13. Bd2 Nec6 14. Nf3 Nd7 15.
O-O c4 16. Be2 Nf6 17. Ng5 Rg7 18. f3 Bd7 19. Qe1 e5 20. Ne4 Ne8 21. Qf2 Rf7
22. Rfe1 Bf5 23. Ng5 Re7 24. dxe5 h6 25. g4 Bxc2 26. Rac1 Bb3 27. Nh3 Nxe5 28.
Bxh6 Nc7 29. f4 Nf7 30. Bg5 Nxg5 31. Nxg5 Qxa3 32. f5 Rd7 33. f6 Qd6 34. Rf1
Qb6 35. Qxb6 axb6 36. Rf3 Rf7 37. Re1 Re8 38. Kf2 Re4 39. Nxf7 Kxf7 40. Bf1 Ne6
41. Rxe4 dxe4 42. Re3 Kxf6 43. Rxe4 b5 44. h4 g5 45. hxg5+ Nxg5 46. Rf4+ Ke7
47. Ke3 Bc2 48. Bg2 Ne6 49. Rf2 Bg6 50. Bxb7 Nc5 51. Bc6 Nd3 52. Re2 b4 53.
Kd4+ 1-0

[Event "3FoglarVeterans_SIM_C"]
[Site "?"]
[Date "2007.??.??"]
[Round "?"]
[White "Grabner, Helmut"]
[Black "Zundel, Werner"]
[Result "1/2-1/2"]
[WhiteElo "2319"]
[BlackElo "2286"]
[PlyCount "71"]
[EventDate "2007.??.??"]
[EventType "corr"]
[SourceDate "2007.05.17"]

1. e4 e5 2. Nf3 Nc6 3. Bc4 Bc5 4. c3 Nf6 5. d3 d6 6. O-O a6 7. b4 Ba7 8. a4 O-O
9. Nbd2 Ne7 10. Bb3 Ng6 11. Nc4 Re8 12. Re1 h6 13. Be3 Bxe3 14. Nxe3 c6 15. a5
d5 16. exd5 cxd5 17. Rc1 Qd6 18. d4 e4 19. Ne5 Nxe5 20. dxe5 Qxe5 21. Nxd5 Be6
22. Nxf6+ Qxf6 23. Rxe4 Red8 24. Rd4 Rxd4 25. cxd4 Bxb3 26. Qxb3 Qxd4 27. Qb1
Rd8 28. Re1 g6 29. h3 b6 30. b5 axb5 31. Qxb5 bxa5 32. Qxa5 Kg7 33. Qe5+ Qxe5
34. Rxe5 Kf6 35. Ra5 h5 36. g4 1/2-1/2

[Event "3FoglarVeterans_SIM_C"]
[Site "?"]
[Date "2007.??.??"]
[Round "?"]
[White "Colucci, Pasguale"]
[Black "Koch, Hans"]
[Result "1/2-1/2"]
[WhiteElo "2318"]
[BlackElo "2311"]
[PlyCount "30"]
[EventDate "2007.??.??"]
[EventType "corr"]
[SourceDate "2007.05.17"]

1. e4 c5 2. c3 d5 3. exd5 Qxd5 4. d4 Nf6 5. Nf3 e6 6. Na3 Qd8 7. Nc2 Nc6 8. Bd3
Be7 9. O-O O-O 10. Qe2 b6 11. dxc5 bxc5 12. Bf4 Nh5 13. Be3 Nf6 14. Bf4 Nh5 15.
Be3 Nf6 1/2-1/2

[Event "3FoglarVeterans_SIM_C"]
[Site "?"]
[Date "2007.??.??"]
[Round "?"]
[White "Quattrocchi, Gaetano"]
[Black "Janosi, Ervin"]
[Result "1/2-1/2"]
[WhiteElo "2283"]
[BlackElo "2323"]
[PlyCount "49"]
[EventDate "2007.??.??"]
[EventType "corr"]
[SourceDate "2007.05.17"]

1. e4 c5 2. Nf3 Nc6 3. Bb5 d6 4. O-O Bd7 5. Re1 Nf6 6. h3 e6 7. Nc3 Be7 8. Bxc6
Bxc6 9. d4 cxd4 10. Nxd4 O-O 11. Nxc6 bxc6 12. Bf4 Qb6 13. Qf3 Rfd8 14. b3 d5
15. Bg5 Qc5 16. e5 Nd7 17. Na4 Qa3 18. Bxe7 Qxe7 19. Nb2 Nc5 20. Qf4 Rab8 21.
Nd3 Ne4 22. f3 Nc3 23. Qd4 Nb5 24. Qc5 Qxc5+ 25. Nxc5 1/2-1/2

[Event "3FoglarVeterans_SIM_C"]
[Site "?"]
[Date "2007.??.??"]
[Round "?"]
[White "Guskov, Viktor"]
[Black "Shapiro, Vladislav"]
[Result "1/2-1/2"]
[WhiteElo "2311"]
[BlackElo "2358"]
[PlyCount "47"]
[EventDate "2007.??.??"]
[EventType "corr"]
[SourceDate "2007.05.17"]

1. e4 c5 2. Nf3 d6 3. Bb5+ Bd7 4. Bxd7+ Qxd7 5. O-O Nc6 6. c3 Nf6 7. Qe2 e6 8.
d4 cxd4 9. cxd4 d5 10. e5 Ne4 11. Be3 Be7 12. Ne1 f6 13. f3 Ng5 14. Nd3 fxe5
15. Nxe5 Nxe5 16. dxe5 O-O 17. Nc3 Nf7 18. f4 Nh6 19. g4 d4 20. Rad1 Bc5 21. h3
Rac8 22. Qd3 Qc6 23. Bxd4 Rfd8 24. Qe3 1/2-1/2

[Event "3FoglarVeterans_SIM_C"]
[Site "?"]
[Date "2007.??.??"]
[Round "?"]
[White "Olano Aizpurua, Jose"]
[Black "Guskov, Viktor"]
[Result "1/2-1/2"]
[WhiteElo "2337"]
[BlackElo "2311"]
[PlyCount "71"]
[EventDate "2007.??.??"]
[EventType "corr"]
[SourceDate "2007.05.17"]

1. e4 c5 2. Nf3 d6 3. d4 cxd4 4. Nxd4 Nf6 5. Nc3 a6 6. Be3 e5 7. Nb3 Be6 8. f3
h5 9. Qd2 Nbd7 10. a4 Nb6 11. a5 Nc4 12. Bxc4 Bxc4 13. Na4 Rb8 14. Nb6 Be6 15.
O-O-O Qc7 16. Kb1 Nd7 17. Nc1 Nxb6 18. Bxb6 Qc6 19. Rhe1 Be7 20. Nd3 Rc8 21.
Nb4 Qb5 22. Nd5 Bxd5 23. Qxd5 Qxd5 24. Rxd5 Kd7 25. b3 Rc3 26. Re3 Rxe3 27.
Bxe3 Ke6 28. c4 g6 29. Kc2 f5 30. Rd1 Bd8 31. b4 f4 32. Bf2 g5 33. h3 g4 34.
Kd3 gxh3 35. gxh3 Rg8 36. Rg1 1/2-1/2

[Event "3FoglarVeterans_SIM_C"]
[Site "?"]
[Date "2007.??.??"]
[Round "?"]
[White "Janosi, Ervin"]
[Black "Kasik, Miroslav"]
[Result "1/2-1/2"]
[WhiteElo "2323"]
[BlackElo "2232"]
[PlyCount "82"]
[EventDate "2007.??.??"]
[EventType "corr"]
[SourceDate "2007.05.17"]

1. e4 c5 2. Nf3 d6 3. d4 cxd4 4. Nxd4 Nf6 5. Nc3 g6 6. Be3 Bg7 7. f3 O-O 8. Qd2
Nc6 9. Bc4 Bd7 10. O-O-O Rc8 11. Bb3 Na5 12. Kb1 Nxb3 13. cxb3 a6 14. g4 b5 15.
g5 Nh5 16. f4 Bg4 17. Rdg1 Bxd4 18. Rxg4 Bxc3 19. bxc3 Qd7 20. f5 gxf5 21. Rh4
Qc6 22. Rc1 Ng7 23. Qd3 fxe4 24. Rxe4 Nf5 25. Rf4 e6 26. h4 a5 27. h5 a4 28. b4
Qg2 29. Bf2 a3 30. g6 fxg6 31. hxg6 h6 32. Rg1 Qc6 33. Be1 Rc7 34. Bd2 Rf6 35.
Rfg4 Qd5 36. Qxd5 exd5 37. Rf1 Kg7 38. Rgf4 Kxg6 39. Rg1+ Kh7 40. Rgf1 Rcf7 41.
c4 d4 1/2-1/2

[Event "3FoglarVeterans_SIM_C"]
[Site "?"]
[Date "2007.??.??"]
[Round "?"]
[White "Koch, Hans"]
[Black "Quattrocchi, Gaetano"]
[Result "1-0"]
[WhiteElo "2311"]
[BlackElo "2283"]
[PlyCount "83"]
[EventDate "2007.??.??"]
[EventType "corr"]
[SourceDate "2007.05.17"]

1. e4 e5 2. Nf3 Nc6 3. Bb5 a6 4. Ba4 Nf6 5. O-O Nxe4 6. d4 b5 7. Bb3 d5 8. dxe5
Be6 9. Nbd2 Nc5 10. c3 d4 11. Bxe6 Nxe6 12. cxd4 Ncxd4 13. a4 Nc5 14. Nxd4 Qxd4
15. axb5 Be7 16. Qe2 a5 17. Nc4 Qd3 18. Qxd3 Nxd3 19. Be3 O-O 20. Rfd1 Rad8 21.
Kf1 h6 22. Rxa5 Nb4 23. Raa1 Rfe8 24. Ke2 Nd5 25. g3 Nxe3 26. Nxe3 Bc5 27. f4
Rb8 28. Rd5 Bb6 29. f5 Red8 30. Rxd8+ Rxd8 31. Nc4 Kf8 32. Rd1 Rxd1 33. Kxd1
Bd4 34. g4 g6 35. Ke2 h5 36. h3 hxg4 37. hxg4 Bf2 38. Kxf2 Ke7 39. Ke3 gxf5 40.
gxf5 Kd7 41. Kd4 Ke7 42. Kd5 1-0

[Event "3FoglarVeterans_SIM_C"]
[Site "?"]
[Date "2007.??.??"]
[Round "?"]
[White "Zundel, Werner"]
[Black "Colucci, Pasguale"]
[Result "1-0"]
[WhiteElo "2286"]
[BlackElo "2318"]
[PlyCount "63"]
[EventDate "2007.??.??"]
[EventType "corr"]
[SourceDate "2007.05.17"]

1. e4 c5 2. Nf3 d6 3. d4 cxd4 4. Nxd4 Nf6 5. Nc3 g6 6. Be3 Bg7 7. f3 O-O 8. Qd2
Nc6 9. O-O-O d5 10. exd5 Nxd5 11. Nxc6 bxc6 12. Bd4 e5 13. Bc5 Be6 14. Ne4 Rb8
15. Bc4 f5 16. Ng5 e4 17. c3 Bh6 18. h4 Re8 19. Bxa7 Ra8 20. fxe4 fxe4 21. Be3
Qc8 22. a3 Nxe3 23. Bxe6+ Rxe6 24. Qxe3 Qb7 25. Rhf1 Rb8 26. b4 Qa6 27. Kb2
Ree8 28. Rfe1 Ra8 29. Ra1 Rad8 30. Qe2 Rd3 31. Red1 Bxg5 32. hxg5 1-0

[Event "3FoglarVeterans_SIM_C"]
[Site "?"]
[Date "2007.??.??"]
[Round "?"]
[White "Schwarz, Jan"]
[Black "Grabner, Helmut"]
[Result "0-1"]
[WhiteElo "2308"]
[BlackElo "2319"]
[PlyCount "58"]
[EventDate "2007.??.??"]
[EventType "corr"]
[SourceDate "2007.05.17"]

1. e4 e5 2. Nf3 Nc6 3. Bb5 a6 4. Ba4 Nf6 5. O-O Be7 6. Re1 b5 7. Bb3 d6 8. c3
O-O 9. h3 Bb7 10. d4 Re8 11. Nbd2 Bf8 12. d5 Nb8 13. Nf1 Nbd7 14. N3h2 Nc5 15.
Bc2 c6 16. b4 Ncd7 17. dxc6 Bxc6 18. Bg5 h6 19. Bxf6 Nxf6 20. Ng4 Nxg4 21. Qxg4
Qd7 22. Qxd7 Bxd7 23. Ne3 a5 24. Nd5 Reb8 25. Re3 Bc6 26. Rd3 g6 27. Bb3 Kg7
28. Rad1 Ra7 29. bxa5 Rxa5 0-1

[Event "3FoglarVeterans_SIM_C"]
[Site "?"]
[Date "2007.??.??"]
[Round "?"]
[White "Novak, Vratislav"]
[Black "Kuta, Jiri"]
[Result "1/2-1/2"]
[WhiteElo "2289"]
[BlackElo "2349"]
[PlyCount "51"]
[EventDate "2007.??.??"]
[EventType "corr"]
[SourceDate "2007.05.17"]

1. e4 c5 2. Nf3 Nc6 3. Bb5 g6 4. Bxc6 bxc6 5. O-O Bg7 6. Re1 Nf6 7. e5 Nd5 8.
c4 Nc7 9. d4 cxd4 10. Qxd4 Ne6 11. Qh4 Rb8 12. Nc3 O-O 13. b3 d5 14. cxd5 cxd5
15. Bh6 Qa5 16. Bxg7 Kxg7 17. Ne2 Re8 18. Ned4 Rb7 19. a3 Rc7 20. a4 Bd7 21. b4
Qb6 22. a5 Qa6 23. Ng5 Nxg5 24. Qxg5 Rc4 25. Rab1 e6 26. Qf6+ 1/2-1/2